Précis de métrique espagnole (notice n° 1960185)
[ vue normale ]
| 000 -LEADER | |
|---|---|
| fixed length control field | 01226cam a2200145 4500500 |
| 005 - DATE AND TIME OF LATEST TRANSACTION | |
| control field | 20260329034012.0 |
| 041 ## - LANGUAGE CODE | |
| Language code of text/sound track or separate title | fre |
| 042 ## - AUTHENTICATION CODE | |
| Authentication code | dc |
| 100 10 - MAIN ENTRY--PERSONAL NAME | |
| Personal name | Pardo, Madeleine |
| Relator term | author |
| 245 00 - TITLE STATEMENT | |
| Title | Précis de métrique espagnole |
| 260 ## - PUBLICATION, DISTRIBUTION, ETC. | |
| Name of publisher, distributor, etc. | Armand Colin,<br/> |
| Date of publication, distribution, etc. | 2010.<br/> |
| 520 ## - SUMMARY, ETC. | |
| Summary, etc. | La métrique espagnole présente des caractéristiques spécifiques bien différentes des règles françaises. Pour aider les étudiants dans cet apprentissage, cet ouvrage donne les instruments indispensables à une approche rigoureuse et active des textes poétiques espagnols. Dans un souci de clarté, l’exposé de ces règles est limité à l’essentiel, tout en accordant une place particulière à l’analyse du rythme, élément fondamental en espagnol. Seule une bonne connaissance des principes constitutifs du vers (mètre, rythme et rime) peut permettre l’analyse de ces combinaisons de vers que sont la strophe et le poème. Une nouvelle édition mise à jour qui sera particulièrement utile aux étudiants en LLCE et aux candidats aux concours de l’enseignement. |
| 700 10 - ADDED ENTRY--PERSONAL NAME | |
| Personal name | Pardo, Arcadio |
| Relator term | author |
| 856 41 - ELECTRONIC LOCATION AND ACCESS | |
| Uniform Resource Identifier | <a href="https://shs.cairn.info/precis-de-metrique-espagnole--9782200246310?lang=fr&redirect-ssocas=7080">https://shs.cairn.info/precis-de-metrique-espagnole--9782200246310?lang=fr&redirect-ssocas=7080</a> |
Pas d'exemplaire disponible.




Réseaux sociaux